| 000 | 00832nmm a2200277 a 4500 | ||
|---|---|---|---|
| 001 | ocm000587514 | ||
| 003 | TR-IsHL | ||
| 005 | 20201028120538.0 | ||
| 008 | 130625s2009 tu tur | ||
| 007 | cr cn | ||
| 020 | _a9789758491315 | ||
| 035 |
_a587514 _b(N$T) |
||
| 050 | 0 | 4 |
_aPL248.D85 _bD88 2009 |
| 090 | 0 | 4 |
_aPL248.D85 _bD88 2009 |
| 100 | 1 | _aDülger, İzzet | |
| 245 | 1 | 0 |
_aDüşmeyen kale "Umut" _h[electronic resource] / _cİzzet Dülger |
| 250 | _a1.bs. | ||
| 260 |
_aİstanbul : _bArya Yayıncılık, _c2009 |
||
| 300 | _a96 p. | ||
| 650 | 4 | _aDil ve Edebiyat | |
| 650 | 4 | _aLanguage and Literature | |
| 650 | 0 | _aTürk şiiri | |
| 650 | 0 | _aTürkish poetry | |
| 650 | 7 |
_aPOETRY / Middle Eastern _2bisacsh |
|
| 856 | 4 | 0 | _uhttp://search.ebscohost.com/login.aspx?direct=true&scope=site&db=e011xww&AN=587514 |
| 999 |
_c843 _d843 |
||